Access in nanoporous materials (Record no. 73263)
[ view plain ]
| 000 -LEADER | |
|---|---|
| fixed length control field | 01604nam a2200373 a 4500 |
| 082 04 - DEWEY DECIMAL CLASSIFICATION NUMBER | |
| Classification number | 620.1/16 |
| 245 00 - TITLE STATEMENT | |
| Title | Access in nanoporous materials |
| 260 ## - PUBLICATION, DISTRIBUTION, ETC. (IMPRINT) | |
| Place of publication | New York : |
| Name of publisher | Plenum Press, |
| Year of publication | c1995. |
| 300 ## - PHYSICAL DESCRIPTION | |
| Number of Pages | xi, 441 p. : |
| Other physical details | ill. |
| 490 1# - SERIES STATEMENT | |
| Series statement | Fundamental materials research |
| 500 ## - GENERAL NOTE | |
| General note | "Proceedings of a Symposium on Access in Nanoporous Materials, held June 7-9, 1995, at Michigan State University, East Lansing, Michigan"--T.p. verso. |
| 650 #0 - SUBJECT ADDED ENTRY--TOPICAL TERM | |
| Topical Term | Porous materials |
| Topical Term | Nanostructured materials |
| Topical Term | Zeolites |
| 700 1# - ADDED ENTRY--PERSONAL NAME | |
| Personal name | Pinnavaia, Thomas J. |
| Personal name | Thorpe, M. F. |
| 856 40 - ELECTRONIC LOCATION AND ACCESS | |
| Uniform Resource Identifier | http://site.ebrary.com/lib/rucke/Doc?id=10046940 |
No items available.
